LEADER 01126nam a2200265 4500 001 000000349549 003 CaOOAMICUS 005 20220307110132.0 008 220307s2009 it 000 u ita r 020 $a978-88-215-6597-7 040 $aSeMil$bita 100 1 $aParmeggiani, Roberto,$d<1960- >.$0(OLS)http://semarc/name/47267 245 10$aDon Carlo Gnocchi :$bimprenditore della carità /$cRoberto Parmeggiani. 264 1$aCinisello Balsamo :$bSan Paolo,$c2009. 300 $a228 p. ;$c22 cm 490 1 $aI protagonisti ;$v155 600 14$aGnocchi, Carlo .$0(OLS)http://semarc/subject/2274 830 2$aI protagonisti ;$v155.$0(OLS)http://semarc/title/5908 850 $aSeMil 852 $aSeMil$W1$xVenegono$y1$m3H II 592$j232323$B240596$CSeMilBibl$Z2$F240596 $81 961 $aPontiggia don Virginio - Omaggio 996 $6020$a978-88-215-6597-7$9(OLS)http://semarc/number/295352 996 $6245$aDon Carlo Gnocchi :$bimprenditore della carità$9(OLS)http://semarc/title/439138 996 $6264$aCinisello Balsamo :$bSan Paolo$9(OLS)http://semarc/publisher/30129 LEADER 00959nam a2200193 i 4500 001 000000215244 003 CaOOAMICUS 005 20210525142026.0 008 120816s1870 it u000 u lat u 013 $a194116 040 $aSeMil$bita 245 10$aQui est in tertiam partem posterior. 300 $a425 p. 773 0 $aToledo, Francisco : de $tFrancisci Toleti e Societate Iesu S.R.E. Presbyteri cardinalis in summam theologiae S. Thomae Aquinatis enarratio.$dRomae : Typis S. Congregationis de Propaganda Fide ; Taurini : apud Petrum H. F. Marietti ; Parisiis : apud Victorium Haelianum, 1869-1870.$g4$w()27240 850 $aSeMil 852 $aSeMil$W1$xVenegono$y1$m2B V 38 FA$j165665$B165665$CSeMilBibl$Z2$F176609 $8I 852 $aSeMil$W1$xVenegono$y1$m5A VII 2 FA$j226503$B237286$CSeMilBibl$Z2$F237286 $8I 996 $6245$aQui est in tertiam partem posterior$9(OLS)http://semarc/title/309936